Sadhana: un camino de oración
Zapisane w:
| 1. autor: | |
|---|---|
| Format: | Książka |
| Język: | hiszpański |
| Wydane: |
Santander
Sal Terrae
1987
|
| Wydanie: | 10a. ed |
| Seria: | Colección Pastoral, 4
|
| Hasła przedmiotowe: | |
| Etykiety: |
Dodaj etykietę
Nie ma etykietki, Dołącz pierwszą etykiete!
|
MARC
| LEADER | 00000cam a2200000 a 4500 | ||
|---|---|---|---|
| 001 | UCE2710 | ||
| 003 | CL-VaPUC | ||
| 008 | 140724e19870200sp |||||||||||||||||spa|d | ||
| 020 | |a 8429305378 | ||
| 082 | 0 | 4 | |a 242 |b MEL |2 21 |
| 100 | |a Mello, Anthony de |e autor |9 582334 | ||
| 245 | 1 | 0 | |a Sadhana: un camino de oración |
| 250 | |a 10a. ed | ||
| 300 | |a 142 p | ||
| 942 | |c BK | ||
| 945 | |d 20140724 10:48:00 |a dcastane | ||
| 260 | |a Santander |b Sal Terrae |c 1987 | ||
| 650 | 7 | |a REFLEXION |2 CL-VaPUC |9 369835 | |
| 650 | 0 | |a Espiritualidad |9 267331 | |
| 650 | 0 | |a Desarrollo Personal |9 390751 | |
| 583 | |a last modification |c 20140724 10:48:00 |k Rodrigo Vera | ||
| 490 | 0 | |a Colección Pastoral, 4 | |
| 999 | |c 356285 |d 356283 | ||